| 000 | 00586nam a22002057a 4500 | ||
|---|---|---|---|
| 005 | 20240129151600.0 | ||
| 010 | _aENG-139074 | ||
| 020 |
_a9789355431042 _c2500.00 |
||
| 035 | _aEN-122606 | ||
| 037 | _bDBAD/PUB | ||
| 082 |
_a920 _21 |
||
| 100 |
_aChandra, Pradeep _961398 |
||
| 245 |
_aAMITABH BACHCHAN The Forever Star/ _cPradeep Chandra |
||
| 250 | _a1 | ||
| 260 |
_bManjul Publishing House _c2022 _aNoida |
||
| 270 | _aC-16, Sector 3 Gautam Buddha Nagar, Noida-201301 U.P | ||
| 300 |
_a175 p. _c32 cm(hbk) |
||
| 700 | _961376 | ||
| 942 |
_2ddc _cEN _h920 _mCHA |
||
| 999 |
_c200435 _d200435 |
||